Đàn vịt giời bay về đâu: Tập truyện ngắn

שמור ב:
מידע ביבליוגרפי
מחבר ראשי: Tô Đức Chiêu
פורמט: ספר
שפה:Undetermined
יצא לאור: H. Thanh Niên 1999
נושאים:
תגים: הוספת תג
אין תגיות, היה/י הראשונ/ה לתייג את הרשומה!
Thư viện lưu trữ: Trung tâm Học liệu Trường Đại học Cần Thơ
LEADER 00527nam a2200181Ia 4500
001 CTU_53307
008 210402s9999 xx 000 0 und d
020 |b 28000 
082 |a 895.922301 
082 |b Ch309 
100 |a Tô Đức Chiêu 
245 0 |a Đàn vịt giời bay về đâu: Tập truyện ngắn 
245 0 |c Tô Đức Chiêu 
260 |a H. 
260 |b Thanh Niên 
260 |c 1999 
650 |a short stories, vietnamese 
980 |a Trung tâm Học liệu Trường Đại học Cần Thơ